Aventuras de un niño de la calle / Julia Mercedes Catilla (Registro nro. 48116)
[ vista simple ]
| 000 -LÍDER | |
|---|---|
| Campo fijo de descripción fija | 003540000a22001450004500 |
| 020 ## - NÚMERO INTERNACIONAL NORMALIZADO PARA LIBROS | |
| Número Internacional Normalizado del libro | 958-04-0945-5 |
| 082 04 - NÚMERO DE CLASIFICACIÓN DECIMAL DEWEY | |
| Número de clasificación | G CJ C278a |
| 001 - NÚMERO DE CONTROL | |
| Campo de control | 936 |
| 100 1# - ASIENTO PRINCIPAL--NOMBRE PERSONAL | |
| Nombre personal | Castilla, Julia Mercedes |
| 245 10 - TÍTULO | |
| Título del Material | Aventuras de un niño de la calle / Julia Mercedes Catilla |
| 260 ## - PUBLICACIÓN, DISTRIBUCIÓN, ETC. (PIE DE IMPRENTA) | |
| Lugar de publicación, distribución, etc. | Bogota : Norma |
| 300 ## - DESCRIPCIÓN FÍSICA | |
| Extensión | 196 P. |
| 942 ## - TIPO DE MATERIAL (KOHA) | |
| Tipo de Item KOHA | Z- Libro General BINCO |
| Estado de Material | Estado de Perdido | Volumen-Parte/Tomo | Estado de Dañado | No para Préstamo | Tomo | Biblioteca de Origen | Biblioteca Permanente | Fecha de Adquisición | Total de Préstamos | Signatura Topográfica | Código de Barras | Última vez visto | Ejemplar/Existencia | Fecha de Remplazo | Tipo de Material |
|---|---|---|---|---|---|---|---|---|---|---|---|---|---|---|---|
| Biblioteca Infantil Comunitaria BINCO | Biblioteca Infantil Comunitaria BINCO | 02/05/2006 | G CJ C278a | B30865 | 26/01/2016 | 1 | 26/01/2016 | Z- Libro General BINCO |
